[Event "AUTO-ADV-2646"]
[Site "http://www.queenalice.com/game.php?id=1111552"]
[Date "2012.10.11"]
[Round "1"]
[White "Clayton"]
[Black "traub"]
[Result "0-1"]
[WhiteElo "1887"]
[BlackElo "1705"]

1. e4 e6 2. d4 d5 3. e5 c5 4. Nf3 Nc6 5. Bb5 a6 6. Be2 b5 7. c3 Bb7 8. Be3 cxd4
9. cxd4 Bb4+ 10. Nbd2 h6 11. O-O Nge7 12. a3 Bxd2 13. Qxd2 Ng6 14. Rac1 Nge7 15.
Ne1 Ng6 16. Nc2 f5 17. Bh5 Ne7 18. Nb4 O-O 19. Nd3 Rb8 20. Nc5 f4 21. Nxe6 Qd7
22. Nxf4 Qf5 23. Bxg6 Nxg6 24. Nxg6 Qxg6 25. h3 Rf3 26. Kh2 Rf7 27. Rc3 Rbf8 28.
Qc1 Qe6 0-1

[Event "AUTO-MASTER-1749"]
[Site "http://www.queenalice.com/game.php?id=1111590"]
[Date "2012.10.12"]
[Round "1"]
[White "rockyroad"]
[Black "Clayton"]
[Result "1-0"]
[WhiteElo "2267"]
[BlackElo "2004"]

1. e4 e5 2. Nf3 Nc6 3. Bb5 a6 4. Ba4 Nf6 5. d3 b5 6. Bb3 Be7 7. O-O d6 8. c3 O-O
9. Nbd2 Na5 10. Bc2 Bg4 11. Re1 Qd7 12. h3 Bh5 13. Nf1 Rfe8 14. Ng3 h6 15. Nxh5
Nxh5 16. Nxe5 dxe5 17. Qxh5 Bf6 18. Be3 Rac8 19. b4 Nc6 20. Rad1 Nd8 21. d4 Qc6
22. Bd2 exd4 23. e5 Be7 24. Be4 Qc4 25. Qf5 g6 26. Qxc8 Kh7 27. Qd7 Rg8 28. Bd5
1-0

[Event "AUTO-MASTER-1749"]
[Site "http://www.queenalice.com/game.php?id=1111591"]
[Date "2012.10.12"]
[Round "1"]
[White "Clayton"]
[Black "rockyroad"]
[Result "0-1"]
[WhiteElo "1999"]
[BlackElo "2271"]

1. e4 e6 2. d4 d5 3. e5 c5 4. c3 Nc6 5. Nf3 Bd7 6. Be2 f6 7. Bf4 Qb6 8. Qd2 cxd4
9. cxd4 g5 10. Be3 g4 11. Nh4 fxe5 12. dxe5 d4 13. Bxd4 Qxd4 14. Qxd4 Nxd4 15.
Bd3 Be7 16. g3 Bxh4 17. gxh4 Nf3+ 18. Ke2 Nxe5 19. Nd2 Nxd3 20. Kxd3 Nf6 21. b3
Bb5+ 22. Kc2 Rc8+ 23. Kb2 Ke7 24. Rhe1 Rhd8 25. Rad1 Rd3 26. a4 Bc6 27. Nc4 Rxd1
28. Rxd1 Bf3 29. Rd4 Rd8 30. Rd2 Ne4 0-1

[Event "AUTO-MASTER-1749"]
[Site "http://www.queenalice.com/game.php?id=1111600"]
[Date "2012.10.12"]
[Round "1"]
[White "FabioSelinger"]
[Black "Clayton"]
[Result "0-1"]
[WhiteElo "1965"]
[BlackElo "1981"]

1. e4 e5 2. Nf3 Nc6 3. Bc4 Bc5 4. b4 Bxb4 5. c3 Bc5 6. O-O d6 7. d4 exd4 8. cxd4
Bb6 9. d5 Ne5 10. Bb2 Bg4 11. Nbd2 Ne7 12. Qc2 N7g6 13. Nxe5 Nxe5 14. Bb5+ Bd7
15. Bxd7+ Qxd7 16. Bxe5 dxe5 17. Nc4 O-O 18. Nxe5 Qd8 19. Kh1 Bd4 20. f4 Bxa1
21. Rxa1 Qd6 22. Rb1 Rab8 23. Qa4 Rfd8 24. g3 f6 25. Nf3 a6 26. Nd4 c6 27. Nf5
Qc5 28. dxc6 bxc6 29. Rxb8 Rxb8 30. Qxa6 Qc2 31. Ne3 Qxe4+ 0-1

[Event "AUTO-MASTER-1749"]
[Site "http://www.queenalice.com/game.php?id=1111601"]
[Date "2012.10.12"]
[Round "1"]
[White "Clayton"]
[Black "FabioSelinger"]
[Result "1-0"]
[WhiteElo "1990"]
[BlackElo "1946"]

1. e4 e6 2. d4 d5 3. e5 c5 4. c3 Nc6 5. Nf3 Qb6 6. Be2 Nh6 7. Qc2 Nf5 8. Be3
Nxe3 9. fxe3 Be7 10. O-O Bd7 11. a3 cxd4 12. cxd4 O-O 13. Nc3 f6 14. exf6 Bxf6
15. Rab1 Rac8 16. Qd2 e5 17. Nxd5 Qd8 18. Nxf6+ Rxf6 19. Nxe5 Rxf1+ 20. Rxf1
Nxe5 21. dxe5 Qe7 22. Qd4 Bc6 23. Bc4+ Kh8 24. Rf7 Qg5 25. g3 Rd8 26. Qc3 Qg4
27. Qd4 Qxd4 28. exd4 h6 29. d5 Bxd5 30. Bxd5 Rxd5 31. e6 Rd1+ 32. Kf2 Rd2+ 33.
Ke3 Rd6 34. e7 Re6+ 35. Kf4 Kh7 36. Kf5 Re1 37. h3 a5 38. g4 b5 39. h4 b4 40. g5
hxg5 41. hxg5 bxa3 42. bxa3 a4 43. g6+ Kh6 44. Rf8 Rf1+ 45. Ke6 Re1+ 46. Kd7
Rd1+ 47. Kc6 1-0

[Event "AUTO-INT-2417"]
[Site "http://www.queenalice.com/game.php?id=1134656"]
[Date "2012.12.27"]
[Round "2"]
[White "SunKite"]
[Black "Clayton"]
[Result "0-1"]
[WhiteElo "1597"]
[BlackElo "2050"]

1. e4 e5 2. Qf3 Nc6 3. c3 Nf6 4. h3 d5 5. Bd3 d4 6. g4 h6 7. b4 Nxb4 8. cxb4
Bxb4 9. a3 Ba5 10. a4 a6 11. Ra3 Be6 12. g5 hxg5 13. Qg2 Nh7 14. h4 g4 15. Be2
Bb4 16. Rg3 Nf6 17. f3 Qd7 18. Ba3 Qxa4 19. Bd3 Bxa3 20. Nxa3 Qxa3 21. Ne2 Qxd3
22. f4 Qb1+ 23. Kf2 Nxe4+ 24. Qxe4 Qxe4 25. Rh2 exf4 26. Nxf4 Qxf4+ 27. Kg1
Qxg3+ 28. Rg2 Qe1+ 29. Kh2 Rxh4# 0-1

[Event "AUTO-INT-2417"]
[Site "http://www.queenalice.com/game.php?id=1134657"]
[Date "2012.12.27"]
[Round "2"]
[White "Clayton"]
[Black "SunKite"]
[Result "1-0"]
[WhiteElo "2055"]
[BlackElo "1686"]

1. e4 e5 2. Nf3 Qf6 3. Nc3 c6 4. Bc4 b5 5. Bb3 h6 6. d4 d6 7. d5 Bd7 8. dxc6
Bxc6 9. Bd5 Ne7 10. Bxc6+ Nbxc6 11. Nxb5 Nc8 12. Nc7+ Kd7 13. Nxa8 Nd4 14. Nxd4
Be7 15. Qg4+ Kd8 16. Nc6+ Ke8 17. Qxc8+ Bd8 18. Nc7+ Kf8 19. Nxd8 Kg8 20. Nc6+
Kh7 21. Qf5+ Kg8 22. Qxf6 gxf6 23. Nxa7 Kg7 24. Nd5 Ra8 25. Nb5 Ra5 26. Nxd6 h5
27. b4 Ra6 28. Nf5+ Kf8 29. b5 Ra4 30. f3 Ra5 31. a4 Ke8 32. b6 Kd8 33. b7 Ra6
34. b8=Q+ Kd7 35. Qc7+ Ke6 36. Qe7# 1-0

[Event "AUTO-ADV-2632"]
[Site "http://www.queenalice.com/game.php?id=1143955"]
[Date "2013.1.23"]
[Round "2"]
[White "Fauquinelle"]
[Black "Clayton"]
[Result "1-0"]
[WhiteElo "1891"]
[BlackElo "2079"]

1. d4 d5 2. c4 e6 3. Nc3 Nf6 4. Nf3 c6 5. Qb3 Bb4 6. Qxb4 Na6 7. Qb3 h6 8. cxd5
cxd5 9. e3 O-O 10. Bd3 Qe7 11. O-O Nb4 12. Be2 b6 13. a3 Nc6 14. Bd3 Bb7 15. e4
dxe4 16. Nxe4 Rfd8 17. Nxf6+ Qxf6 18. Be3 Ne7 19. Ne5 Nf5 20. Qb4 Nh4 21. f3 Nf5
22. Bxf5 Qxf5 23. Qe7 Bd5 24. Rac1 a5 25. Rc7 Rf8 26. g4 Qf6 27. Qxf6 gxf6 28.
Nd7 Rfd8 29. Nxf6+ Kg7 30. Nxd5 Rxd5 31. Rfc1 Rb5 32. R1c2 Rb3 33. Kf2 b5 34.
Rb7 b4 35. a4 Kg6 36. h4 Kg7 37. Ke2 Kg6 38. h5+ Kg7 39. Bc1 Rd8 40. Be3 Rd5 41.
Rb5 Kh7 42. Rxd5 exd5 43. Bc1 Kg7 44. Rc5 1-0

[Event "AUTO-ADV-2632"]
[Site "http://www.queenalice.com/game.php?id=1143956"]
[Date "2013.1.23"]
[Round "2"]
[White "Clayton"]
[Black "Fauquinelle"]
[Result "1-0"]
[WhiteElo "2052"]
[BlackElo "1893"]

1. e4 e5 2. Nf3 Nc6 3. Bb5 a6 4. Ba4 d6 5. c3 b5 6. Bb3 Na5 7. d4 Nxb3 8. Qxb3
Nf6 9. Bg5 Be7 10. Nbd2 O-O 11. dxe5 dxe5 12. O-O Bd6 13. Rad1 Qe7 14. Ne1 Be6
15. Qc2 h6 16. Bh4 g5 17. Bg3 Bc8 18. Nef3 Bb7 19. Qd3 Rad8 20. Qe3 Bc5 21. Qe2
Nd7 22. h4 g4 23. Nh2 f5 24. exf5 h5 25. Ne4 Bxe4 26. Qxe4 Bd6 27. Rfe1 Nc5 28.
Qc2 Qf6 29. b4 Nd7 30. f3 gxf3 31. Nxf3 Qxf5 32. Qb3+ Kh7 33. Rf1 Qg4 34. Qc2+
Kh8 35. Qd2 Kg7 36. Qg5+ Qxg5 37. Nxg5 Rxf1+ 38. Rxf1 Rf8 39. Ne6+ Kg8 40. Nxf8
Nxf8 41. Rf5 1-0

[Event "AUTO-ADV-2632"]
[Site "http://www.queenalice.com/game.php?id=1143959"]
[Date "2013.1.23"]
[Round "2"]
[White "Clayton"]
[Black "rvdornel"]
[Result "1-0"]
[WhiteElo "2026"]
[BlackElo "2102"]

1. e4 e5 2. Nf3 Nc6 3. Bb5 Bd6 4. c3 a6 5. Ba4 b5 6. Bb3 Nf6 7. d4 exd4 8. cxd4
Nxe4 9. Qc2 Bb4+ 10. Nc3 Nf6 11. O-O d5 12. Re1+ Ne7 13. Bg5 Bxc3 14. Qxc3 Ne4
15. Bxe7 Qxe7 16. Qc6+ 1-0

[Event "AUTO-ADV-2632"]
[Site "http://www.queenalice.com/game.php?id=1143960"]
[Date "2013.1.23"]
[Round "2"]
[White "rvdornel"]
[Black "Clayton"]
[Result "0-1"]
[WhiteElo "2097"]
[BlackElo "2062"]

1. e4 e5 2. Nf3 Nc6 3. Bb5 a6 4. Ba4 Nf6 5. Nc3 Bc5 6. d3 d6 7. Bxc6+ bxc6 8.
O-O Bg4 9. Be3 Bxe3 10. fxe3 O-O 11. Qd2 Rb8 12. b3 Re8 13. Ne1 d5 14. exd5 cxd5
15. h3 Bh5 16. g4 d4 17. Nd1 dxe3 18. Nxe3 Bg6 19. c3 Ne4 20. Qc2 Ng5 21. Kg2 c5
22. h4 Ne6 23. h5 Nf4+ 24. Kg3 Bxh5 25. gxh5 Qg5+ 26. Ng4 Nxh5+ 27. Kh3 f5 28.
Qd1 Rf8 29. Ng2 Rb6 30. Qf3 fxg4+ 31. Qxg4 Nf4+ 32. Nxf4 Rh6+ 33. Kg3 exf4+ 34.
Rxf4 Qe5 35. d4 cxd4 36. cxd4 Qe3+ 0-1

[Event "AUTO-ADV-2599"]
[Site "http://www.queenalice.com/game.php?id=1152945"]
[Date "2013.2.17"]
[Round "2"]
[White "Clayton"]
[Black "joao_messias"]
[Result "0-1"]
[WhiteElo "1920"]
[BlackElo "1885"]

1. e4 e5 2. Nf3 d6 3. Nc3 Nf6 4. Bc4 h6 5. h3 Be7 6. d4 exd4 7. Nxd4 Bd7 8. Nf3
Be6 9. Bd3 a6 10. O-O Nc6 11. Re1 O-O 12. Bf4 Nh7 13. Qd2 Ng5 14. Qe2 Nxf3+ 0-1

[Event "AUTO-ADV-2599"]
[Site "http://www.queenalice.com/game.php?id=1152946"]
[Date "2013.2.17"]
[Round "2"]
[White "joao_messias"]
[Black "Clayton"]
[Result "1-0"]
[WhiteElo "1902"]
[BlackElo "1903"]

1. e4 e5 2. Nf3 Nc6 3. d3 Nf6 4. Nc3 d6 5. Be2 Be6 6. h3 Be7 7. O-O Qd7 8. Nh2
a6 9. Bg5 Nxe4 10. Nxe4 f5 11. Bxe7 Qxe7 12. Ng3 g5 13. Bh5+ Kd7 14. Bf3 Rhg8
15. Bxc6+ bxc6 16. Qd2 1-0

[Event "AUTO-ADV-2635"]
[Site "http://www.queenalice.com/game.php?id=1164575"]
[Date "2013.3.25"]
[Round "2"]
[White "Clayton"]
[Black "Dcar"]
[Result "0-1"]
[WhiteElo "1945"]
[BlackElo "1712"]

1. e4 Nc6 2. Nf3 g6 3. d4 Bg7 4. Bb5 a6 5. Ba4 Nh6 6. Be3 O-O 7. Qd2 Ng4 8. O-O
b5 9. Bb3 Nxe3 10. Qxe3 a5 0-1